Normal view
MARC view
Entry Personal Name
001 - CONTROL NUMBER
- control field: 12729
003 - CONTROL NUMBER IDENTIFIER
- control field: ARRUPE
005 - DATE AND TIME OF LATEST TRANSACTION
- control field: 20141118145906.0
008 - FIXED-LENGTH DATA ELEMENTS
- fixed length control field: 141118|| aca||aabn | a|a d
040 ## - CATALOGING SOURCE
- Original cataloging agency: ARRUPE
- Transcribing agency: ARRUPE
100 ## - HEADING--PERSONAL NAME
- Personal name: Moody, Dale
670 ## - SOURCE DATA FOUND
- Source citation: Work cat.: (ARRUPE): Moody, Dale, Spirit of the living God, 1968